[Event "EU-chT (Men) 19th"]
[Site "Warsaw"]
[Date "2013.11.12"]
[Round "5.1"]
[White "Lupulescu, Constantin"]
[Black "Areshchenko, Alexander"]
[Result "1-0"]
[WhiteElo "2630"]
[BlackElo "2720"]
[Annotator "Krasenkow,M"]
[PlyCount "121"]
[EventDate "2013.11.08"]
[EventType "team-swiss"]
[EventRounds "9"]
[EventCountry "POL"]
[SourceTitle "CBM 158"]
[Source "ChessBase"]
[SourceDate "2014.01.16"]
[SourceVersion "1"]
[SourceVersionDate "2014.01.16"]
[SourceQuality "1"]
[WhiteTeam "Romania"]
[BlackTeam "Ukraine"]
[WhiteTeamCountry "ROU"]
[BlackTeamCountry "UKR"]

1. d4 Nf6 2. c4 g6 3. Nc3 d5 4. cxd5 Nxd5 5. Bd2 Bg7 6. e4 Nxc3 7. Bxc3 O-O 8.
Nf3 Bg4 9. Qd2 (9. Be2 {is played more often here - see CBM 136, annotations
to Nikolov - Sutovsky.}) 9... c5 (9... Bxf3 {looks more logical:} 10. gxf3 {
[%cal Yh2h4]} Qd6 (10... Nc6 11. d5 Ne5 12. O-O-O (12. Be2 $5 $14 {[%cal Yf3f4]
}) 12... c5 13. Be2 Qc7 14. h4 $36 {0-1 (23) Buckley,G (2352)-Sowray,P (2362)
England 2012}) (10... c5 11. d5 {- below}) 11. h4 Nc6 12. d5 Bxc3 $5 (12... Ne5
13. Be2 b5 14. h5 $36 {1-0 (33) Naumkin,I (2440)-Tocchioni,D (2250) Porto San
Giorgio 2000}) 13. Qxc3 Ne5 14. Be2 $13 (14. f4 $6 Ng4 {[%cal Yg4f6,Yf6h5]}))
10. d5 Qd6 $2 {[%mdl 16384] And here it was essential to get rid of White's
knight:} (10... Bxf3 11. gxf3 (11. Bxg7 $5 Kxg7 (11... Bxg2 12. Bxg2 Kxg7 13.
h4 $44) 12. Qc3+ Kg8 13. gxf3 {leads to a position from the next line}) 11...
Bxc3 (11... e6 12. Bc4 $14) 12. Qxc3 $1 (12. bxc3 e6 13. d6 Qf6 14. f4 e5 15.
fxe5 Qf3 16. Rg1 Nc6 17. Bg2 Nxe5 $13 {1/2 (43) Sokolov,I (2657)-Sutovsky,E 
(2676) Kragujevac 2009}) 12... Qd6 13. O-O-O e5 (13... Nd7 $142 14. Kb1 Rac8
15. h4 $36) 14. f4 $1 f6 15. f5 $1 g5 16. h4 $1 h6 17. Qf3 $18 {->: 1-0 (21)
Lagarde,M (2452)-Griffiths,R (2317) Albena 2011}) 11. Bxg7 Kxg7 12. Qc3+ f6 13.
Nd2 {That's the point. White's knight destroys Black's blockading attemps, and
Black's bishop is useless.} Na6 (13... Bd7 {was possible but what can he do
with the b8-knight after that?!}) 14. Nc4 Qf4 15. Ne3 $1 Bd7 (15... Qxe4 16.
Bxa6 bxa6 17. f3 Bxf3 18. gxf3 Qxf3 19. Rf1 Qh5 20. Rf2 $16 {- White's knight
is obviously stronger than Black's pawns.}) 16. Bxa6 bxa6 17. f3 $16 {Black's
pawn structure lies in ruins; White's position is technically winning.} Qb8 18.
O-O Qb4 19. Rac1 Rfc8 20. Nc4 Bb5 21. Rf2 {White doesn't fear a rook ending.}
Rab8 (21... Qxc3 22. Rxc3 Bxc4 23. Rxc4 Rab8 24. Rfc2 {[%cal Rb2b4]} a5 25.
Rxc5 Rxc5 26. Rxc5 Rxb2 27. Rxa5 $18) 22. Na5 $1 Qxc3 23. Rxc3 c4 24. Rfc2 (24.
Rd2 $5) 24... f5 25. Kf2 fxe4 26. fxe4 e6 27. dxe6 Kf6 28. Kf3 Rc5 (28... Kxe6
29. Nxc4 Bxc4 30. Rxc4 Rxc4 31. Rxc4 Rxb2 32. Rc6+ Ke5 33. Rxa6 {- game}) 29.
Nxc4 Bxc4 30. Rxc4 Rxc4 31. Rxc4 Rxb2 {[%mdl 4096]} 32. e7 $1 Kxe7 33. Rc7+ Kf6
(33... Kf8 34. Rxh7 Rxa2 35. h4 $1 {(the most accurate)} ({but} 35. Rxa7 Ra3+
36. Kf4 Ra2 37. g4 Rxh2 38. Rxa6 {is also winning}) 35... a5 36. Rxa7 $18 {
[%cal Yg2g4,Yf3f4]}) 34. Rc6+ Ke5 35. Rxa6 $18 {The passed e-pawn and an
active rook are sufficient for a win. That was demonstrated in several games
by Akiba Rubinstein (Rubinstein - Lasker, St.Petersburg 1909, is the closest
example).} Rb7 36. h4 Rc7 37. Ra5+ Kd4 {Desperation.} 38. Ra4+ Ke5 39. Ra5+ Kd4
40. Rd5+ Kc4 41. Rd1 Rb7 42. e5 Kc5 43. Rd2 a5 44. Kf4 Rf7+ 45. Ke4 Kc6 46.
Rd6+ Kc7 47. Rf6 Rd7 48. Rf2 Kd8 49. e6 Rd1 50. Ke5 Ke8 51. Rb2 a4 (51... Re1+
52. Kf6 Rf1+ 53. Kg7 Ke7 54. Kxh7 Rh1 55. Kxg6 Rxh4 56. Re2 $18) 52. Rb8+ Ke7
53. Rb7+ Ke8 54. Rb8+ Ke7 55. Rb7+ Ke8 56. Rxh7 Rd2 57. g4 Rxa2 58. Kf6 Rf2+
59. Kxg6 Re2 60. Ra7 Rxe6+ 61. Kf5 1-0

[Event "Abu Dhabi op 13th"]
[Site "Abu Dhabi"]
[Date "2003.08.20"]
[Round "5"]
[White "Bakre, Tejas"]
[Black "Vakhidov, Tahir"]
[Result "1/2-1/2"]
[WhiteElo "2434"]
[BlackElo "2528"]
[Annotator "Krasenkow,M"]
[PlyCount "43"]
[EventDate "2003.08.16"]
[EventType "swiss"]
[EventRounds "9"]
[EventCountry "UAE"]
[SourceTitle "CBM 097"]
[Source "ChessBase"]
[SourceDate "2003.11.11"]
[SourceVersion "1"]
[SourceVersionDate "2003.11.11"]
[SourceQuality "1"]

1. d4 Nf6 2. c4 g6 3. Nc3 d5 4. cxd5 Nxd5 5. e4 Nxc3 6. bxc3 Bg7 7. Qa4+ c6 {
Quite a rare move. Black is going to play ...b5 or prepare ...e5.} 8. Nf3 {
But this position appears in practice very often, e.g. from the Antigruenfeld:
1.Nf3 Nf6 2.c4 g6 3.Nc3 d5 4.cxd5 Nxd5 5.Qa4+ c6 6.e4 Nxc3 7.bxc3 Bg7 8.d4.
Several other move orders are possible, too.} O-O (8... b5 {is too early:} 9.
Qa3 O-O 10. Bg5 Re8 11. Be2 Qd6 12. Qb2 Nd7 13. e5 Qd5 14. O-O Nb6 15. Nd2 Be6
16. Rfe1 Qd7 17. Ne4 Na4 18. Qa3 Bd5 19. Bf3 $14 {1-0 Alekseev,V-Marklund,N/
Gothenburg 2001/EXT 2002 (40)}) 9. Bg5 {Or else:} (9. Ba3 $5 {is the most
logical option to prevent both ...c5 and ...e5:} Nd7 (9... b6 10. Rd1 (10. Qc2
Re8 11. Rd1 Ba6 12. Bxa6 Nxa6 13. O-O Qc8 14. Qb3 c5 15. Ng5 e6 16. e5 Qc6 17.
Rfe1 c4 18. Qc2 Nc7 19. Qe2 $36 {1-0 Stahlberg,G-Rossetto,H/Buenos Aires 1947/
MCL (38)}) 10... Qc7 11. Be2 c5 12. O-O Nd7 13. Qb3 Bb7 14. d5 Qf4 15. Rfe1 Ne5
16. Nd2 Bc8 17. Bc1 Qf6 18. Nf1 Bd7 19. f4 Ng4 20. e5 Qh4 21. g3 Qh3 22. Bf3
$16 {1-0 Bolbochan,J-Lipiniks,L/Buenos Aires 1946/EXT 99 (48)}) (9... Re8 10.
Be2 (10. Qb3 $5) 10... Nd7 11. Rd1 e5 12. dxe5 Qb6 13. O-O Nxe5 14. Nd4 Nd7 15.
Nb3 Bxc3 16. Kh1 a5 17. Qc4 Bb4 18. Bb2 Ne5 19. Qc1 a4 20. Nd4 $44 {1-0 Garcia
Gonzales,G-Beliavsky,A/Leningrad 1977/MCL (33)}) (9... b5 10. Qc2 a5 11. Be2
Na6 12. O-O Bb7 13. Rfd1 Rc8 14. Rab1 Qc7 15. Bc1 c5 16. Rxb5 cxd4 17. Nxd4 Nc5
18. Bf3 Ba6 19. Rb1 {1-0 Nedochetov,M-Potapenko,A/Moscow 1996/CBM 56 ext (25)})
10. Rd1 (10. Bd3 c5 11. O-O Nb6 12. Qb5 cxd4 13. cxd4 Bg4 14. Ne5 Be6 15. Bb2
a6 16. Qa5 Qd6 17. Rfd1 Rac8 18. Bf1 Nc4 19. Nxc4 Bxc4 20. Bxc4 Rxc4 21. e5 Qc7
22. Qxc7 Rxc7 23. Rac1 Rfc8 $11 {1-0 Zhukova,N-Marinina,T/Serpukhov RUS 2003/
The Week in Chess 435 (55)}) 10... Re8 (10... b5 $5) 11. Qb3 $1 Qb6 12. Bc4
Qxb3 13. Bxb3 b6 14. Ng5 e6 15. e5 Ba6 16. f4 Bh6 17. h4 Rad8 18. Kf2 Bxg5 19.
hxg5 c5 20. g4 $16 {1-0 Flohr,S-Zhivtsov,A/Moscow 1945/HCL (37). (36)}) (9. Bf4
$5 Nd7 10. Rd1 c5 11. Be2 cxd4 12. cxd4 Nb6 13. Qa5 Bg4 14. O-O Qe8 15. Bb5 Qc8
16. Rc1 Qe6 17. Ne5 $16 {1-0 Beretta,H-Lipiniks,L/Buenos Aires 1946/EXT 99 (23)
}) (9. Be2 {is too cautious:} c5 $5 (9... Nd7 10. O-O b5 (10... e5 11. Bg5 Qc7
12. Rad1 exd4 13. cxd4 Re8 14. Qc2 Qa5 15. h3 Nb6 16. e5 Be6 17. Ra1 Rac8 $132
{1/2-1/2 Chistiakov,A-Estrin,Y/USSR 1969/Inf 07 (69)}) (10... Qc7 11. Re1 b5
12. Qc2 Nb6 13. Be3 Be6 14. Qd2 Bc4 15. Bf4 Qd7 16. Bd1 f6 17. Bc2 e5 $11 {
1/2-1/2 Gustafsson,J-Hort,V/Dieren 1999/CBM 71 ext (30)}) (10... Nb6 11. Qc2
Bg4 12. Rb1 Qc7 13. Rd1 Rfe8 14. h3 Bxf3 15. Bxf3 e5 16. Qb3 c5 17. d5 Bf8 18.
Qb5 Reb8 19. Be3 Nc8 20. Qe8 {1/2-1/2 Horvath,C-Groszpeter,A/Zalakaros 2001/
EXT 2002 (20)}) 11. Qc2 Nb6 12. Ba3 Be6 13. Ng5 Bc4 14. f4 b4 15. Bxb4 Bxd4+
16. Kh1 Bxe2 17. Qxe2 Bg7 18. f5 h6 19. Nf3 Qc7 20. fxg6 fxg6 21. Bc5 Kh7 22.
Bd4 Nd7 23. Bxg7 Kxg7 24. Nd4 Rxf1+ 25. Rxf1 Qd6 26. Rd1 Qf6 27. Rf1 Qd6 28.
Rd1 Qf6 29. Nf3 Ne5 $11 {1/2-1/2 Doroshkievich,V-Yandemirov,V/Lvov 1986/EXT 99
(38)}) (9... b5 10. Qa3 Nd7 (10... a5 11. Bg5 Re8 12. Rd1 Qd6 13. Qc1 Qe6 14.
Qc2 Nd7 15. O-O Nb6 16. Rfe1 h6 17. Bc1 $14 {1-0 Tunik,G-Zitin,Y/Minsk 1995/
CBM 46 ext (49)}) 11. O-O Nb6 12. Bg5 f6 13. Qb3+ Kh8 14. Be3 Qd6 15. Nd2 Be6
16. Qc2 f5 17. f3 Bg8 18. Kh1 e5 19. Rad1 $14 {1-0 Tunik,G-Pribyl,M/Pardubice
1992/EXT 2000 (34)}) 10. O-O (10. Be3 cxd4 11. cxd4 Bd7 (11... b6 12. Rc1 Bb7
13. d5 f5 14. Ng5 Qd6 15. Ne6 Nd7 16. Rc7 Bc8 17. Rc6 Qb8 18. Nxg7 Kxg7 19.
Qd4+ Kg8 20. d6 e6 21. Rc7 b5 {1-0 Semkov,S-Roski,F/Berlin West 1988/TD (21)})
12. Qc2 Nc6 13. O-O Rc8 14. Qd2 Bg4 15. Rfd1 Qa5 16. Qxa5 Nxa5 17. Rac1 Rxc1
18. Rxc1 Rc8 $11 {1-0 Vokralova,S-Sternina,V/Halle 1978/EXT 2000 (42)}) 10...
cxd4 (10... Nc6 11. Be3 Qc7 12. d5 Na5 13. Qa3 b6 14. Rad1 Bg4 15. Qc1 Bxf3 16.
Bxf3 Nc4 17. Bg5 Bf6 18. Be2 Bxg5 19. Qxg5 $14 {1-0 Berebora,F-Hughes,P/
Balatonbereny 1992/TD (46)}) 11. cxd4 Nc6 12. Be3 Bg4 (12... Bd7 13. Qa3 Bg4
14. Rab1 Bxf3 15. Bxf3 Nxd4 16. Rxb7 e5 17. Rc1 $14 {1-0 Rossetto,H-Gorini,C/
Remedios de Escalada 1949/EXT 99 (47)}) 13. Rfd1 a6 14. Rac1 b5 15. Qa3 Bxf3
16. Bxf3 Nxd4 17. Bxd4 Bxd4 18. e5 Ra7 19. Kf1 Rd7 20. Qxa6 Bxe5 21. Qxb5 $11 {
1/2-1/2 Uhlmann,W-Schmidt,W/Aarhus 1971/EXT 2000 (49)}) (9. Rb1 c5 10. Be2 Nc6
11. Be3 cxd4 12. cxd4 Bg4 13. d5 Bxf3 14. gxf3 Na5 15. h4 h5 16. Rg1 b6 17. f4
Rc8 18. f5 Qd6 19. Kf1 Rc3 $132 {1/2-1/2 Chistiakov,A-Simagin,V/Moscow 1952/
MCD (42)}) (9. Be3 Nd7 $1 (9... c5 10. Rc1 (10. Be2 b6 (10... Nc6 11. O-O e6 (
11... cxd4 12. cxd4 Bg4 13. Rad1 Qa5 14. Qb3 Bxf3 15. Bxf3 Qb4 16. Qxb4 Nxb4
17. Rd2 b6 18. Rb1 Nc6 19. Be2 Rfd8 20. d5 Ne5 21. Rc2 $16 {1-0 Mikhalevski,
V-Koolhoven,M/Vlissingen 1999/EXT 2000 (28)}) 12. Rac1 Bd7 13. Qb3 Qc7 14. Rfd1
Rfd8 15. dxc5 Be8 16. Nd4 $14 {1-0 Jurkiewicz,M-Kowalski,A/Sopot 1997/EXT 2003
(42)}) 11. O-O cxd4 12. cxd4 Bb7 13. e5 Qd7 14. Qxd7 Nxd7 15. Bb5 Rfd8 16. Rfc1
a6 17. Bc6 Bxc6 18. Rxc6 Rac8 19. Rac1 Rxc6 20. Rxc6 Nxe5 $1 $11 {1/2-1/2 Kunz,
K-Pribyl,J/Boeblingen 1998/EXT 2001 (82)}) 10... cxd4 11. cxd4 e6 (11... Nc6
12. Bb5 Bd7 13. d5 Nb8 14. O-O a6 15. Bxd7 Nxd7 16. Qb4 b5 17. Rc6 $16 {
1/2-1/2 Adamski,J-Jessen,S/Copenhagen 2000/CBM 77 ext (36)}) 12. Bb5 b6 13. Bg5
f6 14. Be3 Bb7 15. d5 a6 16. Bc6 b5 17. Qb3 Nxc6 18. dxc6 Bc8 19. O-O $36 {
1-0 Hort,V-Schmidt,W/CSSR-Polska 1978/Inf 26 (26)}) (9... b5 10. Qc2 Qa5 11.
Be2 Nd7 12. O-O Nb6 13. Nd2 Na4 14. Rac1 Bd7 15. Nb3 Qc7 16. c4 b4 17. f4 $14 {
0-1 Raceanu,V-Petrenko,S/Bucharest 2000/EXT 2001 (39)}) 10. Rd1 (10. Be2 e5 11.
O-O Qc7 $1 (11... Qe7 12. Qc2 Re8 13. Bg5 Bf6 14. Bxf6 Qxf6 15. Rad1 b6 16. Nd2
Bb7 17. Nc4 Re7 18. f4 $1 exf4 19. e5 $16 {1-0 Raceanu,V-Petrosian,T/Artek
1999/EXT 2000 (36)}) 12. Qc2 c5 13. Rac1 b6 14. h3 Bb7 15. d5 Nf6 16. Nd2 Ne8
17. c4 Nd6 18. Bd3 f5 $132 {0-1 Tunik,G-Mikhalevski,V/Beersheba 1996/CBM 53 
(44)}) 10... b5 (10... c5 $5 11. Bd3 Nb6 12. Qa3 cxd4 13. cxd4 Bg4 14. O-O Bxf3
15. gxf3 e6 16. f4 Qh4 $132 {0-1 Volkov,S-Ruck,R/Panormo 2002/CBM 90 ext (43)})
11. Qa3 Nb6 12. Be2 Be6 13. Nd2 Qd6 14. Qxd6 $6 (14. Qb2) 14... exd6 15. a3 f5
16. f3 d5 17. exf5 Bxf5 18. Kf2 Rae8 $40 {0-1 Adamski,J-Roos,D/Luzern 1982/EXT
97-B (37)}) (9. Qa3 $5 Qd6 10. e5 Qxa3 11. Bxa3 Re8 12. Bc4 h6 13. O-O b5 14.
Bd3 Be6 $14 {1-0 Socko,M-Jaracz,B/Cisna 1997/EXT 2003 (38)}) 9... h6 (9... c5
$5 10. Rd1 (10. Qa3 h6 11. Be3 cxd4 12. cxd4 Nc6 13. Rd1 Bg4 14. e5 Qd5 $11 {
1/2-1/2 Delgado Cespedes,I-Vilaseco,F/St Spiritus 1989/EXT 97 (24)}) 10... Nc6
11. Be2 h6 12. Be3 cxd4 13. cxd4 Bd7 14. Qa3 Bg4 15. e5 Qa5+ 16. Qxa5 Nxa5 17.
O-O Rac8 18. Rc1 e6 $11 {1-0 Volkov,S-Karjakin,S/Panormo 2002/CBM 90 ext (55)})
(9... Re8 10. Rd1 b5 11. Qa3 Qd6 12. Qc1 Bg4 13. Be2 Nd7 14. O-O Qe6 15. c4 $1
Nb6 16. cxb5 cxb5 17. Bxb5 $16 {1-0 Krasenkow,M-Fernandes,A/Batumi 1999/CBM 74
(30)}) 10. Be3 c5 11. Rc1 e6 12. dxc5 {As usually, capture of this pawn is
absolutely harmless until Black has played ...a7-a6. Now Black can always play
...b6 at an appropriate moment.} Qc7 13. Nd2 Bd7 14. Qa3 Bc6 15. Be2 Nd7 16.
O-O Rfd8 17. f3 b6 $1 18. cxb6 axb6 {[%csl Ra2,Rc3] Despite being a pawn down,
Black has no problems equalizing due to White's weak queenside pawns.} 19. Qb2
Qa7 20. Bb5 Bxb5 21. Qxb5 Qxa2 22. Nc4 1/2-1/2

[Event "Abu Dhabi op 13th"]
[Site "Abu Dhabi"]
[Date "2003.08.25"]
[Round "9"]
[White "Raetsky, Alexander"]
[Black "Mohandesi, Shahin"]
[Result "0-1"]
[WhiteElo "2438"]
[BlackElo "2337"]
[Annotator "Krasenkow,M"]
[PlyCount "100"]
[EventDate "2003.08.16"]
[EventType "swiss"]
[EventRounds "9"]
[EventCountry "UAE"]
[SourceTitle "CBM 097"]
[Source "ChessBase"]
[SourceDate "2003.11.11"]
[SourceVersion "1"]
[SourceVersionDate "2003.11.11"]
[SourceQuality "1"]

1. d4 Nf6 2. c4 g6 3. Nc3 d5 4. cxd5 Nxd5 5. Bd2 Nb6 6. Bf4 {A harmless system,
in which Black has several ways to equalize.} Bg7 7. e3 O-O 8. Nf3 (8. h4 $6 c5
9. dxc5 N6d7 10. h5 Nxc5 11. hxg6 hxg6 12. Bc4 Qa5 13. Rc1 Ne4 $17 {0-1 Engels,
M-Lytchak,A/Cologne 1994/EXT 2002 (40)}) (8. h3 $6 c5 9. dxc5 Bxc3+ 10. bxc3
Qxd1+ 11. Rxd1 N6d7 12. Bh6 Re8 13. Bb5 a6 14. Ba4 Nc6 15. Bxc6 bxc6 16. Nf3
Nxc5 $36 {0-1 Mikrut,D-Cyborowski,L/Polanczyk 2000/CBM 79 ext (39)}) (8. Rc1 c5
9. dxc5 Bxc3+ 10. bxc3 Qxd1+ 11. Rxd1 N6d7 12. Bb5 Nc6 13. Nf3 Nxc5 $11 {
0-1 Dao Thien Hai-Gyorkos,L/Budapest 1993/CBM 36 ext (45). (45)}) 8... Bg4 (
8... Nc6 $5 9. Be2 e5 (9... Nb4 10. O-O N4d5 11. Be5 Bg4 12. Bxg7 Kxg7 13. Ne4
c6 14. Rc1 Nd7 15. a3 Qb6 16. Qd2 Bxf3 17. Bxf3 Rfd8 18. Rfd1 N5f6 19. Nc3 e5
20. Na4 Qb5 21. Qc2 exd4 22. Rxd4 Qa5 {1/2-1/2 Kamsky,G-Anand,V/Monaco Amber
blind (10)/1994/ (47)}) 10. Nxe5 Nxe5 11. dxe5 Qe7 12. O-O Rd8 13. Qc2 Bxe5 14.
Bxe5 Qxe5 15. Rad1 Rxd1 16. Rxd1 Be6 17. Bf3 c6 $11 {0-1 Ballon,G-Wilhelmi,C/
Bad Woerishofen 2000/CBM 75 ext (46)}) (8... c5 $5 9. dxc5 N6d7 10. Rc1 Nc6 11.
Bb5 Nxc5 12. O-O Bf5 13. Qe2 Bd3 14. Bxd3 Qxd3 15. Rfd1 Qxe2 16. Nxe2 Rfd8 $11
{0-1 Kortschnoj,V-Spassky,B/St Petersburg 1999/EXT 2000 (45)}) 9. Be2 N8d7 (
9... c5 10. dxc5 Bxc3+ 11. bxc3 Qxd1+ 12. Rxd1 Na4 13. Bh6 Rc8 14. Rd4 Bxf3 15.
Bxf3 Nxc5 16. O-O Nc6 17. Rfd1 $5 (17. Bxc6 $5 Rxc6 18. Rfd1 f5 19. f3 $13 {
Ftacnik}) 17... Ne5 18. Be2 (18. Bd5 $5) 18... f6 19. Bf4 (19. f3 $5 Ne6 20.
Rb4 Nf7 21. Bf4 Nxf4 22. exf4 Rc7 $10 {Ftacnik}) 19... Nf7 20. Bg3 e5 21. Rc4
$6 (21. Rb4 {Ftacnik}) 21... b5 $1 22. Rb4 Na4 23. Bxb5 Nxc3 24. Ra1 a5 25. Rb3
a4 26. Rb4 Rcb8 27. Bc6 Rxb4 28. Bxa8 Rb8 $15 {0-1 Borbjerggaard,L-Tseshkovsky,
V/Copenhagen 1996/CBM 54/[Ftacnik] (38)}) 10. O-O c6 11. Rc1 Bxf3 12. Bxf3 e5
13. dxe5 Nxe5 14. Be2 Qe7 15. Qc2 (15. Qb3 g5 $6 (15... Rad8) 16. Bg3 Rad8 17.
Rfd1 $14 {1/2-1/2 Groesman,G-Bertaccini,D/Buenos Aires 2001/EXT 2003 (17).})
15... Rad8 16. Rfd1 Rxd1+ 17. Rxd1 Rd8 18. b3 Rxd1+ 19. Qxd1 Ned7 {Black is by
no means worse in this endgame despite White's pair of bishops. The black
knights have good strongholds and his queenside pawn advantage should not be
underestimated. Besides, White can hardly avoid the exchange of his
dark-squared bishop.} 20. Bd6 (20. Qd2 $5) 20... Qe6 21. Bb4 Bf8 22. Bxf8 Kxf8
23. Qd4 Qe5 24. Qxe5 Nxe5 $11 25. f4 Ned7 26. e4 f6 27. Kf2 Ke7 28. Ke3 c5 29.
h4 Nb8 30. h5 Nc6 31. h6 $6 {White doesn't reconcile himself to a draw and
gradually gets into trouble.} Nd8 {[%csl Rh6]} 32. e5 {The draw could be
reached by} (32. a4 a5 (32... Nf7 $6 33. a5 Nd7 34. Nd5+) 33. Bc4 $1 Nxc4+ 34.
bxc4 Nf7 35. Nd5+ Ke6 36. Nc7+ Kd7 37. Nd5 $11) 32... fxe5 33. fxe5 Nf7 34. Bf3
$6 {Giving up a pawn} (34. Kf4 Nxh6 35. Bf3 $11) 34... Nxe5 $6 (34... Ke6 $142
35. Bxb7 Kxe5 {[%csl Ge5]}) 35. Bxb7 Ng4+ 36. Kd3 Nxh6 37. a4 $2 {After this
move Black gradually brings home his material advantage.} (37. Ne4 Nd7 38. Bc8
{enabled White to recapture the pawn with a probable draw:} Nf7 39. Bxd7 Ne5+
40. Kc3 Nxd7 41. Kc4 $11) 37... Nf7 38. a5 Nd7 39. Nb5 Nd6 $1 40. Nxd6 Kxd6 ({
An intermediate} 40... Ne5+ $5 {was also possible but Black accurately
calculates that the white king's invasion to a6 doesn't work.}) 41. Kc4 h5 42.
Kb5 Ne5 43. Ka6 Nc6 $1 44. Kb5 (44. Bxc6 Kxc6 45. Kxa7 h4 46. a6 Kc7 $19) 44...
Nb4 45. Bf3 h4 46. Be4 g5 47. Bb7 g4 48. Be4 Ke5 49. Bb7 Kd4 50. Bc8 h3 0-1

[Event "Gibraltar Masters 10th"]
[Site "Caleta"]
[Date "2012.01.31"]
[Round "8"]
[White "Fier, Alexandr"]
[Black "Salem, AR Saleh"]
[Result "0-1"]
[WhiteElo "2603"]
[BlackElo "2505"]
[Annotator "Let's Check"]
[PlyCount "86"]
[EventDate "2012.01.24"]
[EventType "swiss"]
[EventRounds "10"]
[EventCountry "GGB"]
[SourceTitle "CBM 147"]
[Source "ChessBase"]
[SourceDate "2012.03.16"]
[SourceVersion "1"]
[SourceVersionDate "2012.03.16"]
[SourceQuality "1"]

1. c4 Nf6 2. Nc3 d5 3. cxd5 Nxd5 4. Nf3 g6 5. Qb3 Nb6 6. d4 Bg7 7. Bg5 O-O 8.
Rd1 h6 9. Bh4 a5 10. e3 Nc6 11. d5 Nb4 12. a3 Na6 13. Be2 Nc5 14. Qa2 Bxc3+ 15.
bxc3 Nba4 16. Rc1 c6 17. O-O g5 18. Bg3 Qxd5 19. c4 Qe4 20. Bd1 Bg4 21. Qa1
Bxf3 22. gxf3 Qe6 23. f4 f5 24. Bc2 g4 25. f3 $6 (25. Bh4 Rad8 26. Rfd1 $15)
25... h5 $6 (25... Qxe3+ 26. Kh1 Nc3 $19) 26. e4 $11 Qf6 27. exf5 Rad8 28. fxg4
Nc3 29. g5 Ne2+ 30. Kh1 Qxa1 31. Rxa1 Rd2 32. Ra2 Nxg3+ 33. hxg3 Ne4 34. Rf3
Rfd8 35. Re3 Nf2+ 36. Kg1 Nh3+ 37. Kf1 Rf2+ 38. Ke1 Rdd2 $2 (38... Rg2 39. c5
Rg1+ $11) 39. Rxe7 $2 (39. f6 $18) 39... Ng1 $2 (39... Rxc2 40. Rxc2 $11) 40.
Bd1 $2 (40. Re8+ Kf7 41. Bd1 $3 $18) 40... Rxa2 $11 41. f6 $4 (41. Re8+ Kg7 42.
f6+ $11) 41... Rg2 $19 42. Kf1 Nh3 43. Be2 Rg1# 0-1

[Event "EU-ch 13th"]
[Site "Plovdiv"]
[Date "2012.03.29"]
[Round "9"]
[White "Jankovic, Alojzije"]
[Black "Nedilko, Vasily"]
[Result "1-0"]
[WhiteElo "2553"]
[BlackElo "2392"]
[Annotator "Let's Check Training"]
[PlyCount "58"]
[EventDate "2012.03.20"]
[EventType "swiss"]
[EventRounds "11"]
[EventCountry "BUL"]
[SourceTitle "CBM 148"]
[Source "ChessBase"]
[SourceDate "2012.05.16"]
[SourceVersion "1"]
[SourceVersionDate "2012.05.16"]
[SourceQuality "1"]

1. d4 Nf6 2. Nf3 g6 3. c4 Bg7 4. Nc3 d5 5. Qa4+ Bd7 6. Qb3 dxc4 7. Qxc4 O-O 8.
Bf4 c6 9. e4 b5 10. Qb3 Qa5 11. e5 Be6 12. Qc2 Nd5 13. Bd2 Nxc3 14. Bd3 Na6 15.
O-O Ne2+ 16. Bxe2 Qb6 17. a4 Rac8 18. axb5 cxb5 19. Qe4 Nc7 20. Bb4 Bd5 21. Qe3
Ne6 22. Bxe7 Rfe8 23. Bd6 Bxf3 24. Bxf3 Nxd4 25. Bd5 Rcd8 26. Qg5 Rxd6 $2 (
26... Nf5 27. Qf4 Nxd6 $17) 27. exd6 $16 Re5 $2 (27... Qxd6 28. Rxa7 Rf8 $18) {
[%tqu "En","","","","g5e7","",10]} 28. Qe7 $3 $18 Rxe7 (28... Rxd5 29. Rxa7
Qxa7 $18) 29. dxe7 Qb8 1-0

[Event "Dortmund SuperGM 41st"]
[Site "Dortmund"]
[Date "2013.07.26"]
[Round "1"]
[White "Khenkin, Igor"]
[Black "Leko, Peter"]
[Result "1/2-1/2"]
[WhiteElo "2605"]
[BlackElo "2737"]
[Annotator "Marin,M"]
[PlyCount "120"]
[EventDate "2013.07.26"]
[EventType "tourn"]
[EventRounds "9"]
[EventCountry "GER"]
[EventCategory "19"]
[SourceTitle "CBM 156"]
[Source "ChessBase"]
[SourceDate "2013.09.17"]
[SourceVersion "1"]
[SourceVersionDate "2013.09.17"]
[SourceQuality "1"]

1. d4 Nf6 2. c4 g6 3. Nc3 d5 4. cxd5 Nxd5 5. Bd2 Nb6 6. Nf3 Bg7 7. Qc1 Bg4 (
7... h6 8. e4 Bg4 9. Ne5 Be6 {Fink,S (2171)-Shabalov,A (2613)/Virginia Beach
2003/CBM 093 ext (1/2, 33)}) (7... Nc6 8. Bh6 Bxh6 (8... O-O 9. Bxg7 Kxg7 10.
Qf4 Qd6 11. Qxd6 cxd6 12. d5 Ne5 13. Nd4 Bd7 14. e4 {Hambleton,A (2244)
-Griffiths,R (2362)/Athens 2012/CBM 149 Extra (1-0, 70)}) 9. Qxh6 Qd6 10. e3
Qb4 11. Rb1 Be6 12. a3 Qd6 13. Bb5 O-O-O {Roiz,M (2617)-Ragger,M (2666)/
Legnica 2013 (1/2, 41)}) 8. Bh6 O-O 9. Bxg7 Kxg7 10. Qf4 Bxf3 11. gxf3 Qd6 12.
Qxd6 cxd6 13. e3 Nc6 14. Rc1 d5 $11 {Black has achieved a very comfortable
version of the... Exchange Slav.} 15. Be2 Rac8 16. f4 e6 17. b3 Kf6 18. Kd2 Ke7
19. Bf3 Rfd8 20. Ne2 Nb4 21. a3 Na6 22. Nc3 Nc7 23. Rc2 Ne8 24. h4 Nd6 25. h5
Nd7 26. hxg6 hxg6 27. Be2 Rh8 28. Rxh8 Rxh8 29. Bd3 Nf6 30. Ke2 Rh1 31. Nb5
Nxb5 32. Bxb5 Kd8 33. Bd3 Ne8 34. Kd2 Nf6 35. Ke2 Ng4 36. Kf3 f5 37. Kg2 Ra1
38. a4 Nf6 39. Kf3 Kd7 40. Bb5+ Kd6 41. Bd3 Rd1 42. Ke2 Rb1 43. Rc3 Rb2+ 44.
Ke1 Ne4 45. Bxe4 fxe4 46. Kf1 b6 47. Kg2 a6 48. Rc8 Rxb3 49. Rg8 Ke7 50. Rxg6
a5 51. Rg7+ Kf6 52. Rb7 Rb4 53. Kg3 Rxa4 54. Rxb6 Ra1 55. Ra6 a4 56. Ra7 a3 57.
Kg2 Kg6 58. Re7 Kf6 59. Ra7 Kg6 60. Re7 Kf6 1/2-1/2